| 000 | 00839nam a22001577a 4500 | ||
|---|---|---|---|
| 003 | OSt | ||
| 005 | 20150919152014.0 | ||
| 008 | 150919b xxu||||| |||| 00| 0 eng d | ||
| 040 | _cRUA | ||
| 082 | _aAGR BUT 2004 B030 Or.1 | ||
| 100 |
_9879 _aBUTH, MOROKOT. |
||
| 245 | _aimpact of pest damage on corn cultivated in different spacing rate in condition of royal university of agriculture ( ឥទ្ធិពលនៃការរាតត្បាតពីសំណាក់សត្វល្អិត និង ជំងឺទៅលើដំណាំពោតដែលមានចន្លោះគុម្ពផ្សេងគ្នានៅលក្ខខណ្ឌសាកលវិទ្យាល័យភូមិន្ទកសិកម្ម) | ||
| 260 |
_aPhnom Penh _bRUA _c2004 |
||
| 300 |
_a59p. _bill. _c29cm. |
||
| 942 |
_2ddc _cAGR |
||
| 999 |
_c847 _d847 |
||